| 000 | 00461nam a2200169 4500 | ||
|---|---|---|---|
| 001 | 131149 | ||
| 003 | ES-MaACL | ||
| 005 | 20230906193926.0 | ||
| 007 | t| | ||
| 008 | 070214s1966 sp r ||||1| spa d | ||
| 100 | 1 |
_aRodero, Juan Jesús. _998122 |
|
| 245 | 1 | 3 |
_aEl sol no sale para todos / _cJuan Jesús Rodero. |
| 250 | _a1ª. ed. | ||
| 260 |
_aBarcelona : _bPlaza & Janés, _c1966. |
||
| 300 |
_a255 p. ; _c19 cm. |
||
| 852 |
_aES-MaACL _jC-30026 _bR.60150 |
||
| 999 |
_c131149 _d131149 |
||